Le joueur néerlandais le mieux classé par édition du Ballon d'Or - Statistiques

Statistiques générales
  • Ce quiz a été pris 104 fois
  • Le résultat moyen est 30 sur 46
Statistiques - réponses
Années Classement Postes Joueurs % Correct
2022 16 D Virgil Van Dijk
100%
2019 2 D Virgil Van Dijk
100%
2013 7 A Robin Van Persie
91%
2012 9 A Robin Van Persie
91%
1977 5 A Johan Cruyff
88%
1975 3 A Johan Cruyff
88%
1974 1 A Johan Cruyff
88%
1973 1 A Johan Cruyff
88%
1972 4 A Johan Cruyff
88%
1971 1 A Johan Cruyff
88%
1970 7 A Johan Cruyff
88%
1969 4 A Johan Cruyff
88%
1968 21 A Johan Cruyff
88%
1967 30 A Johan Cruyff
88%
2015 22 A Arjen Robben
87%
2014 4 A Arjen Robben
87%
1992 1 A Marco Van Basten
87%
1991 20 A Marco Van Basten
87%
1989 1 A Marco Van Basten
87%
1988 1 A Marco Van Basten
87%
1986 9 A Marco Van Basten
87%
2008 24 G Edwin Van der Sar
80%
2025 25 D Denzel Dumfries
79%
2007 6 A Ruud Van Nistelrooy
77%
2004 10 A Ruud Van Nistelrooy
77%
2003 6 A Ruud Van Nistelrooy
77%
1987 1 M/A Ruud Gullit
76%
1983 31 M/A Ruud Gullit
76%
2011 12 M/A Wesley Sneijder
73%
2010 4 M/A Wesley Sneijder
73%
2002 14 A Ruud Van Nistelrooy
70%
1996 28 M/A Ronald De Boer
56%
1990 9 M/D Frank Rijkaard
55%
1998 8 A Dennis Bergkamp
51%
1997 4 A Dennis Bergkamp
51%
1993 2 A Dennis Bergkamp
51%
2000 17 A Patrick Kluivert
45%
1995 5 A Patrick Kluivert
45%
1999 12 D Jaap Stam
20%
1978 3 A Rob Rensenbrink
5%
1976 2 A Rob Rensenbrink
5%
1981 17 D Ruud Krol
3%
1980 17 D Ruud Krol
3%
1979 3 D Ruud Krol
3%
1956 24 M Kees Rijvers
1%
1964 16 A Coen Muelijn
0%
Aucun quiz correspondant
Distribution des résultats
% des personnes avec chaque résultat
Percentile par nombre de réponses
Votre historique - résultats
Vous n’avez pas pris ce quiz